000 01924nam a22002897a 4500
005 20120711105143.0
010 _aB-462389-393 B-465401
020 _a9788189886219
_c750.00
035 _aB-462389-393 B-465401
037 _adpl
_bK.K. Pub /Ven
037 _aBlue Berry/Ven
082 _a891.4414
100 _aDatta, Asit Kumar
_954588
245 _aAesthetics and the poetic image of Rabindernath Tagore /
_cby Asit Kumar Datta
260 _aDelhi
_bAbhijeet Pub
270 _a2/46 Tukhmeerpur Extention
_bDelhi
300 _ax,306p
_c22cm
942 _2ddc
_cEN
_h891.4414
_mDAT
999 _c68390
_d68390